00609nam a2200181Ia 4500952012600000999001300126003000400139005001700143008004100160040000900201082002000210100002100230245006200251260004800313300000900361650001100370942004600381 00102ddc40708QUR'ANaMESbMEScARBd2019-02-20l0o297.1225 IBR/Ip11281r2019-02-20 00:00:00w2019-02-20yREFzU14R3 c306d306OSt20210826130837.0190216s9999||||xx |||||||||||||| ||und|| coclc a297.1225bIBR/I aIbrahim, P92033 0aIrshad Ul Khairan :bLi Marifal Aya Al Quran /cIbrahim P bOxonian Press Private Limited ,aNew Delhi: a517p aArabic cBK2ddch297.1225iIBR/Ik297.1225mIBR/I